| 000 | 04063nam a2200493 a 4500 | ||
|---|---|---|---|
| 005 | 20071231103130.0 | ||
| 008 | 080909t xxu||||| |||| 00| 0 eng d | ||
| 010 | _aB-260810-828 | ||
| 020 |
_c245.00 _a9788178690339 |
||
| 035 | _aB-260810-828 | ||
| 040 |
_aDPL _bEnglish |
||
| 082 | _a641.5882 | ||
| 100 | _aMehta, Nita | ||
| 245 |
_aNita Mehta's tandoori cooking in the oven / _cby Nita Mehta [and] Tanya Mehta |
||
| 260 |
_aNew Delhi _bSNAB Publishers _c2007 |
||
| 260 |
_aDelhi _bUniversity Book Houes |
||
| 270 |
_a3A/3 Asaf Ali Road, _bNew Delhi _e110002 |
||
| 270 |
_a15, U.B. Bunglow Road, _bDelhi _e110007 |
||
| 300 |
_a126p.: _c23 cm (pbk) _bcol. photos |
||
| 500 | _a | ||
| 600 | _aDas, J.P. 1936- | ||
| 700 | _aMehta, Tanya | ||
| 942 |
_2ddc _cEN _mMEH _h641.5882 |
||
| 999 |
_c15430 _d15430 |
||